000 01368nam a2200229Ia 4500
003 Ost
005 20260507075530.0
008 260507s9999||||xx |||||||||||||| ||und||
020 _a9774085078
040 _cfsecg
041 _aara
082 _a658.8
100 _aهادد، أنيس
_eمؤلف
245 0 _aاستخدام الكروت الذكية في التسويق /
_c أنيس هادد
260 _aالقاهرة:
_bدار الفاروق للنشر و التوزيع,
_c2007
300 _a168 صفحة؛
_bإيضاحات ؛
_c24 سم
490 _aسلسلة مهارات التسويق الحديثة
520 _aيضم تسويق المنتجات لحظة شرائها، تطور التعاملات النقدية، التعرف على العملاء المتميزين خلال عملية الشراء، الكوبونات الإلكترونية، قياس مدى توفر المعلومات المتعلقة بالمعاملات، الولاء لعلامات تجارية معينة، تطور نظم تشغيل أجهزة الكومبيوتر التابعة والكروت الذكية، أساسيات التعامل بالكروت الذكية، العوامل الرئيسية لنجاح برامج الكروت الذكية
653 _aالتسويق
700 _aالعامري، خالد
_eمؤلف ثانوي
942 _cكتاب
999 _c44817
_d44817